01340ntm a2200289 a 450000100060000000300080000600500170001400800410003103500190007204000350009104100080012608200310013410000310016524501940019626000720039030000390046250200790050150400330058060000150061365000460062865000560067465000710073070000440080194200130084599900170085895201750087575905BD-RjUL20211209082748.0190908s2018 bg a|||| bm|| 00| 0 eng d a(BD-RjUL)76124 aBD-RjULbengcBD-RjULdBD-RjUL aeng a333.70954924223bISE 20181 aIslam, Md. Khairul923285410aEnvironmental Impact of Chemical Fertilizer and Pesticide Application in Agriculture: bThe Case of Northern Bangladesh /cSubmitted by Md. Khairul Islam ;6Supervisor: Md. Elias Hossain aRajshahi :bDepartment of Economics, University of Rajshahi, c2014 axvii, 174 leaves :bIll. ;c29 cm. aThesis (M. Phil.) -- Department of Economics, University of Rajshahi, 2014 aReferences: Leaves [138]-167 d 9232878 aPesticidesxEnvironmental aspects9232856 aChemical FertilizersxEnvironmental aspects9232857 aAgriculturezBangladeshzNorthern regionxEconomic aspects9232860 aHossain, Md. Elias, Supervisor 9232858 2ddccTHE c75905d75905 00102ddc40718THESESaRUCLbRUCLcDoc/Thed2019-04-02eController of Examination Office, R. U.l0oTHE 333.70954924 ISE 2018r2019-09-08 00:00:00tC-1w2019-09-08yTHE